| 000 | 00746nam a2200229 u 4500 | ||
|---|---|---|---|
| 005 | 20210223133255.0 | ||
| 008 | 170516s2015 r 000 0 eng d | ||
| 020 | _a9786071631992 (FCE) | ||
| 020 | _a9786077451136 (CONACULTA) | ||
| 035 | _aUPN01000217693 | ||
| 049 | _aCG | ||
| 050 | 4 |
_aPQ7297 S7.3 _bA6 2015 |
|
| 100 | 1 |
_aSolana Salcedo, Rafael, _d1915-1992 _940562 |
|
| 245 | 1 | 0 |
_aMil nombres propios : _ben las planas de El Universal / _cRafael Solana ; ed., selec. y pról. Claudio R. Delgado. |
| 260 |
_aMéxico : _bFCE, _bCONACULTA, _c2015. |
||
| 300 | _a626 p. | ||
| 440 | 0 | _aLetras mexicanas | |
| 650 | 4 |
_aPERIODICOS MEXICANOS - _ySIGLO XX _925949 |
|
| 700 | 1 |
_aDelgado, Claudio R., _ecomp. |
|
| 905 | _aLibro | ||
| 999 |
_c189793 _d189793 |
||